[Event "Syre Memorial op 32nd"]
[Site "Issy les Moulineaux"]
[Date "2009.05.24"]
[Round "6"]
[White "David, Alberto"]
[Black "Guliyev, Namig"]
[Result "1/2-1/2"]
[WhiteElo "2587"]
[BlackElo "2534"]
[Annotator "Primel,D"]
[PlyCount "31"]
[EventDate "2009.05.21"]
[EventType "swiss"]
[EventRounds "6"]
[EventCountry "FRA"]
[SourceTitle "EXT 2010"]
[Source "ChessBase"]
[SourceDate "2010.11.25"]
[SourceVersion "1"]
[SourceVersionDate "2010.11.25"]
[SourceQuality "1"]

1. d4 {Alberto DAVID joue beaucoup moins souvent 1.d4 que 1.e4 mais il s'était
préparé face au gambit dame accepté qui est la spécialité de son adversaire.}
d5 2. c4 dxc4 3. Nf3 Nf6 4. e3 e6 5. Bxc4 a6 6. Bb3 {Une ligne dynamique trés
populaire chez les GMI depuis plusieurs années mais beaucoup moins chez les
amateurs car les blancs doivent souvent sacrifier un P central et les
compensations ne sont pas toujours claires.} (6. O-O c5 7. dxc5 {SPASSKY avait
relancé cette variante lors du match retour contre FISCHER et le gain de
KRAMNIK lors du match de Londres en 2000 l'avait а nouveau relancé. Il y a
toutefois une différence importante qui est le fait que le Bf8 n'a pas encore
été développé alors qu'Alberto DAVID essaie de profiter du temps
suppélementaire provoqué par Bf8e7,suivi de Bc5}) 6... c5 7. O-O Nc6 (7... b5 {
La ligne critique pour la variante 8.Bb3} 8. a4 $1 b4 9. e4 $5 {[%csl Re8]
[%cal Gd4d5,Gf1e1]} (9. Nbd2) 9... cxd4 10. e5 Nfd7 11. Qxd4 Bb7 (11... Nc6)
12. Bg5 $14 {David,A (2595)-Bacrot,E (2725) Corsica Masters rap 9th 2005 (1.2)
1-0}) 8. Nc3 (8. Qe2 cxd4 9. Rd1 Be7 (9... d3) 10. exd4 (10. Nc3 e5 $5 {
Cette idée de KORTCHNOI donne des bons résultats aux noirs} (10... O-O 11. Nxd4
$36 {[%cal Gd1d8]} Qc7 12. Nxc6 Qxc6 13. e4 $14 {[%cal Gc1g5];Fressinet,L 
(2666)-Stevic,H (2592) EU-ch 10th Budva 2009 (10) 0-1})) 10... O-O 11. Nc3 Nb4
{[%csl Gd5]} 12. Ne5 Nbd5 13. Rd3 $1 {[%csl Rg7,Rh7][%cal Gd3g3];Shchekachev,A
(2503)-Lupu,M (2443) Paris-ch op 2000 (9) 1-0}) 8... Be7 (8... cxd4 9. exd4 Be7
(9... Na5) 10. Re1 O-O 11. Bg5 b5 12. Qd3 {[%csl Rh7][%cal Gb3c2,Gg5f6]} (12.
a3) (12. h4 $5 {Aronian,L (2739)-Ivanchuk,V (2751) Corus Wijk aan Zee 2008 (12)
1/2})) 9. dxc5 {Une idée populaire а haut niveau depuis quelques années car
les blancs ne risquent pas grand chose tout en espérant torturer les noirs
dans la finale grâce а une petite avance de développement.} (9. Qe2 cxd4 10.
Rd1 e5 $11 {La meilleure suite selon la théorie et les deux adversaires а
l'analyse}) 9... Qxd1 (9... Bxc5 $143 10. Qe2 {[%cal Gf1d1]}) 10. Rxd1 Bxc5 11.
Bd2 Bd7 (11... Na5 $2 {Donné comme faux par GULIYEV а l'analyse а cause du
thème Nd5} 12. Ba4+ Bd7 13. Bxd7+ Nxd7 14. Ne4 {Tregubov,P (2607)-Guliyev,N 
(2555) Paris-ch 2005 (4) 0-1} (14. Nd5 $5 {[%cal Gd2a5] GULIYEV})) (11... Ke7
12. Rac1 {[%cal Gc1c5,Gc3d5]} Ba7 13. Be1 $32) 12. Na4 $5 {Les deux
adversaires avaient une opinion contraire sur la position а l'analyse. Le
luxembourgeois pensait que les blancs ont un net avantage alors que son
adversaire estimait que les noirs pouvaient tenir la position en jouant
patiemment sur cases noires et réactiver le mauvais B. GULIYEV a beaucoup
d'expérience sur cette position et en bon défenseur, il arrive а tenir le
milieu de jeu et la finale.} (12. Rac1 {[%cal Gc1c5,Gc3d5] plus souple en
gardant en réserve l'option Na4 ainsi que Nd5 mais c'est le plus souvent une
simple transposition après 14.Na4} Ba7 $8 13. Be1 Ke7 14. Na4 {[%csl Gc5]} Rhd8
(14... Ne4) (14... Rhc8) (14... Rhb8) 15. Nc5 $1 {On pourrait transposer а ce
milieu de partie, l'adage concernant la Catalane: les blancs n'ont rien mais
les noirs sont moins biens!} Bxc5 16. Rxc5 Be8 17. Rcc1 Rxd1 18. Rxd1 (18. Bxd1
) 18... Rd8 19. Bc3 Rxd1+ {il fallait peut-être éviter cet échange car dans la
finale , la paire de B est forte et les blancs ont ensuite "déroulé la
technique"} 20. Bxd1 $14 {Bacrot,E (2721)-Guliyev,N (2555) Mainz Ordix op 16th
rapid 2009 (9) 1-0}) 12... Ba7 13. Rac1 Ne4 (13... Ke7 $142 {[%cal Gh8d8,Ga8c8,
Gf6e4] Meilleur selon GULIYEV et effectivement ce plan parait plus souple en
économisant Ne4} 14. Be1 Rhd8 15. Nc5 Bxc5 16. Rxc5 Be8 $1 {[%cal Gf6e4,Gf7f6,
Ge8g6,Ge6e5]} 17. Rdc1 Ne4 18. R5c2 e5 {Le plan lent mais solide pour égaliser
en jouant sur cases noires et recycler le B en g6} 19. Bc4 f6 $11 {[%cal Ge8f7,
Ge8g6];Flumbort,A (2489)-Guliyev,N (2521) Bundesliga 0809 2008 (2.7) 1/2}) 14.
Be1 Ke7 15. Bc2 $5 $146 {[%csl Gc2][%cal Gc2e4] Une idée proposée par B.AVRUKH
dans sa nouvelle excellente monographie 1.d4 mais j'ignore s'il s'agit d'une
préparation ou pas.} (15. Nd2 {Tregubov,P (2563)-Guliyev,N (2580) Canada de
Calatrava op 1st rapid 2006 (9) 1-0}) 15... Nc5 (15... Nd6 {B.AVRUKH n'a
envisagé que 15.Nd6}) 16. Nxc5 {[%mdl 8] Malheureusement, le débat théorique
tourne court.} 1/2-1/2

[Event "Rohde op 10th"]
[Site "Sautron"]
[Date "2010.10.29"]
[Round "8"]
[White "Pap, Gyula"]
[Black "Gajewski, Grzegorz"]
[Result "1/2-1/2"]
[WhiteElo "2519"]
[BlackElo "2568"]
[Annotator "Primel,D"]
[PlyCount "51"]
[EventDate "2010.10.23"]
[EventType "swiss"]
[EventRounds "9"]
[EventCountry "FRA"]
[SourceTitle "EXT 2012"]
[Source "ChessBase"]
[SourceDate "2011.11.24"]
[SourceVersion "1"]
[SourceVersionDate "2011.11.24"]
[SourceQuality "1"]

1. d4 {Avec 6/7, les deux adversaires étaient en tête du tournoi} Nf6 2. c4 e6
3. Nf3 d5 4. Nc3 dxc4 $5 (4... c6) (4... Be7) 5. e3 a6 6. a4 (6. Bxc4 c5) 6...
c5 7. Bxc4 Nc6 8. O-O Be7 9. dxc5 {Profite du fait que les Noirs ont déjà joué
le B mais il est difficile pour les Blancs de garder un avantage d'ouverture
et avec les Blancs, le hongrois hypothèque ses chances de gain dans le tournoi}
(9. Qe2 {[%cal Gf1d1] La grande ligne}) 9... Bxc5 (9... Qxd1 10. Rxd1 Bxc5 11.
Bd2 $32 {[%cal Ga1c1,Gc1c5];Kramnik,V (2759)-Topalov,V (2796) Amber-rapid 18th
2009 (5) 1/2}) 10. Qxd8+ Kxd8 11. Bd2 ({RR} 11. Rd1+) 11... Ke7 12. Rfd1 (12.
Rfc1 {Medvegy,Z (2547)-Erdos,V (2565) HUN-ch 59th Szeged 2009 (8) 1/2}) 12...
Bd7 $146 ({RR} 12... b6 13. Be1 Bb7 14. Nd2 Ne5 15. Be2 Rhd8 16. Nc4 Nxc4 17.
Bxc4 Rxd1 18. Rxd1 {1/2-1/2 Suto,G (2306)-Peredy,F (2312)/Hungary 2003/EXT 2004
}) ({RR} 12... Rd8 13. Be1 Rxd1 14. Rxd1 Bd7 15. Bd3 Bb4 16. Ne4 Bxe1 17. Nxe1
Nb4 18. Nxf6 Bxa4 19. Ra1 Nxd3 20. Nxd3 Bb5 21. Nc5 b6 22. Nfe4 bxc5 23. Nxc5
a5 24. f3 g5 25. Ne4 h6 26. Rc1 Bd7 27. Rc7 {Ahrends,N (2065)-Donchenko,A 
(2434)/Bad Homburg 2006/EXT 2007/0-1 (44)}) 13. Na2 {[%cal Gb2b4,Gb4b5]} a5 14.
Rac1 {[%cal Gc4e6,Gc1c5]} Rhc8 15. Bb5 (15. Nc3 {[%cal Gc3b5]}) 15... Bd6 16.
Bc3 Nb4 17. Bxf6+ gxf6 18. Bxd7 Rxc1 19. Nxc1 Kxd7 20. Nd4 {[%cal Gd4b5]} (20.
Nd2 $5 {[%csl Gd1][%cal Gd2c4,Gc4d6]}) 20... Ke7 $11 21. Ncb3 {[%csl Ra5]} Be5
22. Kf1 b6 23. Rc1 Nd3 24. Rc2 (24. Nc6+ {[%cal Gc6e7,Gc6e5]}) 24... Bxd4 25.
Nxd4 Nc5 26. Rc4 {Une nulle rapide qui est surtout dans l'intérêt du polonais
qui a remporté le tournoi} 1/2-1/2

[Event "CHN-chT 4th"]
[Site "China"]
[Date "2008.12.04"]
[Round "15"]
[White "Malakhov, Vladimir"]
[Black "Wang, Hao"]
[Result "1/2-1/2"]
[WhiteElo "2675"]
[BlackElo "2696"]
[Annotator "Primel,D"]
[PlyCount "133"]
[EventDate "2008.12.??"]
[EventType "team-tourn"]
[EventRounds "18"]
[EventCountry "CHN"]
[SourceTitle "EXT 2017"]
[Source "ChessBase"]
[SourceDate "2016.10.25"]
[SourceVersion "1"]
[SourceVersionDate "2016.10.25"]
[SourceQuality "1"]

1. Nf3 d5 2. d4 Nf6 3. c4 dxc4 4. e3 e6 5. Bxc4 c5 6. O-O a6 7. a4 (7. Bd3 Nc6
8. Nc3 (8. a3)) (7. Bb3 Nc6) (7. Qe2) (7. dxc5 Qxd1 8. Rxd1 Bxc5 {C'est
également une grande ligne mais les Noirs ont économisé un tempo par
rapport à la partie}) 7... Nc6 8. Nc3 (8. Qe2 cxd4 9. Rd1 {[%cal Gd1d8]}) 8...
Be7 9. dxc5 $5 {Début d'une longue finale} Qxd1 10. Rxd1 Bxc5 11. Bd2 {
[%cal Ga1c1]} b6 (11... Ke7 12. Na2 a5 13. Rac1 b6 14. Bb5 Bb7 15. Ne1 Rac8 16.
Nd3 Bd6 17. b4 Nxb4 18. Naxb4 axb4 19. Nxb4 Rxc1 20. Rxc1 Rc8 21. Rxc8 Bxc8 22.
Nc6+ Kf8 23. a5 bxa5 24. Nxa5 Bd7 25. Bxd7 Nxd7 26. Nc4 Bc7 27. h3 Ne5 28. Nxe5
Bxe5 29. Bb4+ Ke8 30. Kf1 f5 {1/2-1/2 (30) Babula,V (2552)-Pelletier,Y (2563)
Zillertal 2015}) (11... O-O $143 {Le coup naturel mais le Kg8 est un peu loin
du centre et il ne craint pas grand chose en e7} 12. Ng5 Be7 13. Nge4 $14 {
[%csl Rg8];Harikrishna,P (2659)-Kulaots,K (2556) WMSG Blitz Team 1st 2008 (11)
1/2}) 12. Bd3 (12. Na2 Ne4 13. Be1 Be7 14. b4 $14 {Postny,E (2641)-Baron,T 
(2515) ISR-ch Beersheba 2014 (8) 1-0}) 12... Be7 $146 (12... Bb7 13. Ne4 Be7 {
Ivanchuk,V (2740)-Naiditsch,A (2624) Dortmund SuperGM 36th 2008 (5) 1-0}) 13.
Ne4 Nd5 14. Bc4 Nf6 15. Nxf6+ Bxf6 16. Bd3 Bb7 (16... Bxb2 $143 17. Rab1 $32 {
[%csl Rb6]}) (16... Ke7 17. Rac1 $32) 17. Be4 $5 {[%csl Rb7,Rc6][%cal Ga1c1]}
Na5 18. Bxb7 Nxb7 19. e4 $1 {[%cal Ge4e5]} Nc5 20. e5 $1 {L'idée est
probablement de forcer le repli Be7 de manière à empêcher la centralisation
Ke7} Be7 21. Be3 $14 O-O 22. Nd4 (22. b4 {[%cal Gd1d7]} Ne4 23. Rd7 Bxb4 24.
Bxb6 Rab8 25. a5 {[%csl Ra6]} Rbc8 26. Rad1 Rc2 $11) 22... Rfc8 23. Kf1 Kf8 24.
Ke2 Ke8 25. Rdc1 Nd7 26. f4 (26. Nc6 Bc5) 26... h5 27. Rc6 (27. Nc6 $5 {
[%cal Gc1c2,Ga1c1] Evite les simplifications et les Blancs gardent un petit
avantage} Rc7 $2 (27... Bc5 28. Bxc5 Nxc5 29. Nd4 {[%cal Gb2b4]}) 28. Nxe7 Rxc1
29. Rxc1 Kxe7 30. Rc6 $16) 27... Bc5 $1 28. Rxc8+ Rxc8 29. Rc1 Kd8 30. Nb3 Be7
(30... Bxe3 31. Rxc8+ Kxc8 32. Kxe3 Kc7 33. Kd4 {[%csl Gd4]}) 31. Rxc8+ Kxc8
32. Kd3 Kc7 33. Kc4 g6 34. Nd4 Bc5 35. b4 Bxd4 36. Bxd4 {Avec des P sur les
deux ailes, le B est un peu meilleur que le N mais le B n'a pas grand-chose à
attaquer avec une structure sur cases Blanches} Kc6 37. b5+ $1 {[%csl Rb6]}
axb5+ 38. axb5+ Kc7 39. Kd3 $1 Kd8 40. Ke3 Ke8 41. Kf3 Kf8 42. Kg3 Kg7 43. Kh4
Kh6 {Le K Noir arrive à temps} 44. Be3 Kh7 45. Kg5 Kg7 46. Bd4 Kh7 47. h3 Kg7
48. Be3 {Les blancs vont tenter de mettre les Noirs en zugzwang afin de gagner
le P"b6"} Kh7 49. Bf2 Kg7 50. Bd4 Kh7 51. Be3 Kg7 52. Bf2 Kh7 53. Bd4 Kg7 54.
f5 $1 {La dernière tentative} (54. g4) 54... gxf5 (54... exf5 55. e6+ f6+ 56.
Kf4 (56. Kh4 Ne5 57. Bxb6) 56... Nf8 57. Bxb6 Nxe6+) 55. Kxh5 {[%csl Gh3]} Kh7
56. Kg5 Kg7 57. g4 fxg4 58. Kxg4 Kg6 59. h4 Kh6 60. h5 {[%cal Gd4e3]} Kg7 61.
Kg5 Kh7 62. Be3 (62. Bxb6 Nxb6 63. Kf6 Kg8 64. Ke7 Nd5+ 65. Kd6 Kg7 66. Kd7 Kh6
67. Ke8 Kxh5 68. Kxf7 Kg5 69. Kxe6 Nc7+ $1) 62... Kg7 63. h6+ Kh7 64. Bxb6 Nxb6
65. Kf6 Nc4 66. Kxf7 Nxe5+ 67. Kxe6 1/2-1/2

[Event "Rohde op 06th"]
[Site "Sautron"]
[Date "2006.11.01"]
[Round "6"]
[White "Shchekachev, Andrei"]
[Black "Gerard, Nicolas"]
[Result "1-0"]
[WhiteElo "2561"]
[BlackElo "2333"]
[Annotator "RR"]
[PlyCount "101"]
[EventDate "2006.10.28"]
[EventType "swiss"]
[EventRounds "9"]
[EventCountry "FRA"]
[SourceTitle "EXT 2007"]
[Source "ChessBase"]
[SourceDate "2006.11.23"]
[SourceVersion "1"]
[SourceVersionDate "2006.11.23"]
[SourceQuality "1"]

1. Nf3 d5 2. d4 Nf6 3. c4 dxc4 4. e3 e6 5. Bxc4 a6 6. O-O c5 7. Bb3 (7. a4) (7.
Qe2) (7. e4 $5 {Gerard,N (2295)-Mercier,J (2055) Gorges op (3) 1-0}) 7... Nbd7
{assez peu joué} (7... b5 8. a4 $1 {L'idée de la variante est d'affaiblir la
case "c4" pour donner des cases centrales au Nd2} b4 9. Nbd2 (9. e4 $5 cxd4 (
9... Nxe4 $6 10. d5 $36) 10. e5 Ne4 11. Nxd4 Bb7 12. Be3 Nd7 {[%cal Gd7e5]})
9... Bb7 10. e4 $1 cxd4 11. e5 Nfd7 12. Nc4 Nc5 13. Bg5 $36 f6 14. exf6 gxf6
15. Nxd4 $1 {[%csl Re8][%cal Gd1h5]} h5 $1 {Evitant Qh5+ mais l'aile-roi des
noirs est trouée.}) 8. Re1 (8. e4 $1 {Un thème courant sur la variante Bb3 qui
soutient "d4d5" et vise "e6"} Nxe4 9. Re1 Nef6 10. d5 $40 {[%csl Re8][%cal
Ge1e8]}) (8. Qe2 $143 Qc7 9. e4 cxd4 10. e5 d3 $1) 8... b5 9. e4 Bb7 10. Nbd2
cxd4 11. e5 Nd5 12. Ne4 Nc5 {[%cal Gc5b3]} 13. Nfg5 $1 $146 {[%csl Rf7] Une
forte nouveauté} ({RR} 13. Nxc5 Bxc5 14. Ng5 Ne3 15. Nxe6 fxe6 16. fxe3 Qg5 17.
e4 Qxe5 18. Bf4 d3+ 19. Kh1 Qxf4 20. Qh5+ g6 21. Qxc5 d2 22. Red1 Rd8 23. Bxe6
Qxe4 24. Bh3 Rf8 25. Rg1 Rd3 26. Raf1 Rxf1 27. Rxf1 Qe7 {Hebden,M (2515)-Mista,
A (2419)/Cappelle la Grande 2003/CBM 092 ext/0-1 (38)}) (13. Bg5 $5) 13... Nxb3
14. Qxb3 (14. Qh5 $5 Qd7 (14... g6 $6 {[%csl Rf6]} 15. Qf3 $14) 15. axb3 $13 {
les noirs ont des difficultés а terminer leur dévelloppement mais la paire de
B est un atout dans cette position ouverte}) 14... h6 $6 (14... Rc8) 15. Qh3 $1
{[%cal Gh3h8,Gg5e6]} Qd7 $1 (15... Rc8 $2 16. Nxe6 fxe6 17. Qxe6+ Qe7 (17...
Be7 18. Nd6+) 18. Nd6+) 16. Bd2 Nb4 17. Nd6+ $1 Bxd6 18. exd6 Nc2 $4 (18...
Qxd6 $2 19. Nxe6 $1) 19. Nxe6 $1 fxe6 20. Rxe6+ Kf8 21. Rf6+ $1 {[%cal Gh3d7]}
Ke8 22. Qh5+ Kd8 23. Rf7 Qxd6 24. Ba5+ $2 (24. Bg5+ Kc8 25. Qg4+ Kb8 26. Bf4)
24... Kc8 25. Qf5+ Kb8 26. Bc7+ Qxc7 27. Rxc7 Kxc7 28. Qxc2+ Kb6 {Nicolas
pouvait éviter de faire trainer la partie perdante 20 coups supplémentaire
contre un fort GMI} 29. Qg6+ Ka7 30. a4 bxa4 31. Rxa4 Rad8 32. Rb4 Rd7 33. Qb6+
Ka8 34. Rxd4 Re8 35. f3 Ree7 36. h4 Kb8 37. Rxd7 Rxd7 38. Kh2 Kc8 39. Kg3 Rc7
40. Qe6+ Rd7 41. Kf4 Kd8 42. Qg8+ Kc7 43. Qc4+ Kd8 44. Kf5 Re7 45. Kg6 Bc8 46.
g4 Bb7 47. f4 Rd7 48. f5 Bc8 49. Qg8+ Kc7 50. Qxg7 Rxg7+ 51. Kxg7 {[%mdl 8]}
1-0

[Event "POL-chT 66th"]
[Site "Katowice"]
[Date "2010.09.06"]
[Round "3"]
[White "Wojtaszek, Radoslaw"]
[Black "Hera, Imre Jr"]
[Result "1-0"]
[WhiteElo "2711"]
[BlackElo "2586"]
[Annotator "RR"]
[PlyCount "119"]
[EventDate "2010.09.04"]
[EventType "team-tourn"]
[EventRounds "9"]
[EventCountry "POL"]
[SourceTitle "EXT 2016"]
[Source "ChessBase"]
[SourceDate "2015.10.08"]
[SourceVersion "1"]
[SourceVersionDate "2015.10.08"]
[SourceQuality "1"]
[WhiteTeam "Wroclaw Polonia"]
[BlackTeam "Szkola Grudziadz"]
[WhiteTeamCountry "POL"]
[BlackTeamCountry "POL"]

1. d4 Nf6 2. c4 e6 3. Nf3 d5 4. Nc3 dxc4 5. e3 c5 6. Bxc4 a6 7. O-O b5 8. Bb3
Bb7 9. e4 (9. Qe2 {La grande ligne}) 9... cxd4 (9... Nxe4 10. Nxe4 Bxe4 11. Re1
{[%cal Ge1e8]} Bd5 12. dxc5 $1 Bxb3 13. Qxb3 Bxc5 14. Qc3 $44 {[%cal Gc3c5,
Gc3g7] Cette double attaque justifie le fait que les Noirs acceptent rarement
le gambit 9.e4}) 10. Nxd4 Nc6 11. Be3 Rc8 (11... Be7 12. Nxc6 Bxc6 13. f3 Qb8
14. Rc1 O-O 15. Ne2 Bb7 16. Bf4 e5 17. Be3 a5 18. Ng3 g6 19. Qe2 a4 20. Bc2 Bc8
21. Bd3 Bd7 22. Rfd1 Rd8 23. Nf1 Nh5 24. g3 Ng7 25. f4 Ne6 26. f5 Nd4 27. Qf2
Be8 28. h4 Ra6 29. Nh2 Rad6 30. Ng4 Nxf5 31. exf5 Rxd3 32. Rf1 e4 33. Nh6+ Kh8
34. fxg6 hxg6 35. h5 Rxe3 36. Qxe3 Rd3 37. Qf4 Rxg3+ 38. Kh1 Qxf4 39. Rxf4 Bg5
40. Nxf7+ Bxf7 {0-1 (40) Korobov,A (2713)-Van Wely,L (2678) Antalya 2013}) (
11... Nxd4 12. Bxd4) 12. Nxc6 Qxd1 $6 {Accentue le retard de développement
des Noirs} 13. Rfxd1 $32 Bxc6 14. Rac1 $146 (14. f3 Nd7 15. Ne2 Bc5 16. Nd4 Bb7
17. a4 b4 18. a5 Ke7 19. Bg5+ f6 20. Be3 g6 21. Ba4 Nb8 22. Kh1 Rhd8 23. Nc6+
Nxc6 24. Bxc5+ Kf7 25. Kg1 Rxd1+ 26. Rxd1 Ne5 27. Bd6 Nc6 28. h4 Rd8 29. Kf2 f5
30. exf5 gxf5 31. Bc7 Rxd1 32. Bxd1 Ke7 33. h5 Kf6 34. Ke3 e5 35. Kd3 f4 36.
Kc4 Nd4 37. Bb6 Ne6 38. Kxb4 h6 39. Bc2 Kg5 40. Kc4 Bc6 41. Be4 {1-0 (41)
Fillon,D (2215)-Jardi Talarn,J (2061) ICCF email 2010}) 14... Bb7 (14... Be7
15. f3 $14 O-O 16. Ne2 {[%cal Ge2d4]} (16. Kf2 {[%csl Gf2,Rg8]})) 15. Na4 $1
Rxc1 16. Rxc1 {Le Na4 est imprenable} Bd6 (16... Be7 17. e5 Nd5 18. Bxd5 exd5
19. Rc7 $36) 17. e5 $1 bxa4 18. Bxa4+ Ke7 19. exd6+ Kxd6 20. Bc5+ Ke5 21. Rd1
Rc8 22. b4 $14 {[%csl Ga4,Gc5] Les Blancs ont une meilleure fianle avec la
paire de B et la majorité de l'aile-dame} Nd5 23. Bb3 Kf5 24. f3 {[%cal Gg1f2]
} h5 25. Kf2 g5 (25... h4) 26. Rd4 h4 27. Rc4 Kg6 28. a4 Bc6 29. Bd6 Bd7 30.
Rxc8 Bxc8 31. Bc4 Nb6 $6 (31... f5) (31... Kf6) 32. Bd3+ Kf6 (32... f5 33. a5
Nd7 34. b5 $40) 33. a5 $1 Nd5 34. b5 axb5 35. Bxb5 Bb7 36. a6 Bc8 37. a7 Bb7
38. Be8 Kg7 39. Ke2 f5 40. Kd3 Kf6 41. Kd4 Nb6 42. Bh5 Nd7 43. Bc7 e5+ 44. Kc4
Ke7 45. Bg6 Ke6 46. Bd8 e4 47. Bh5 h3 $1 48. gxh3 exf3 49. Bxg5 f2 $2 (49...
Nf6) 50. Be2 Bg2 51. Kc3 Nb6 52. Be3 f1=Q 53. Bxf1 Bxf1 54. Bxb6 $18 Bg2 55.
Bc7 Kd7 56. Bf4 Kc8 57. h4 Kb7 58. h5 Bd5 59. h6 Bg8 60. Kd4 1-0

[Event "Rohde op 06th"]
[Site "Sautron"]
[Date "2006.11.01"]
[Round "6"]
[White "Koziak, Vitali"]
[Black "Ivanov, Jordan"]
[Result "1-0"]
[WhiteElo "2453"]
[BlackElo "2370"]
[Annotator "RR"]
[PlyCount "99"]
[EventDate "2006.10.28"]
[EventType "swiss"]
[EventRounds "9"]
[EventCountry "FRA"]
[SourceTitle "EXT 2007"]
[Source "ChessBase"]
[SourceDate "2006.11.23"]
[SourceVersion "1"]
[SourceVersionDate "2006.11.23"]
[SourceQuality "1"]

1. d4 d5 2. c4 dxc4 3. e3 Nf6 4. Bxc4 e6 5. Nf3 c5 6. O-O a6 7. dxc5 {KRAMNIK
a relancé cette idée lors de son match de Londes 2000. Malgré l'absence de Q,
les blancs gardent une petite initiative durable en prenant très peu de
risques.} (7. a4) (7. Qe2) (7. Bb3) 7... Bxc5 (7... Qxd1 {l'alternative} 8.
Rxd1 Bxc5 9. Nbd2 O-O 10. Be2 $1 {[%csl Rb7][%cal Ge2f3,Gf3e5]} Rd8 11. Ne5 {
[%csl Rc6]} Be7 12. Nec4 Nc6 13. Bf3 $14 {[%csl Ra8,Rb7,Rc6,Rc8][%cal Gf3b7]
avec une forte pression sur l'aile-dame des noirs.}) 8. Qxd8+ Kxd8 9. Rd1+ ({RR
} 9. Be2 Ke7 10. b3 Nbd7 11. Bb2 b6 12. Nbd2 Bb7 13. Rfd1 Rhc8 14. Ne1 Ke8 15.
Nc4 Bd5 16. Bf3 b5 17. Nd2 Bf8 18. Be2 Ne4 19. Nxe4 Bxe4 20. f3 Bb7 21. Kf2 Nb6
22. e4 Nd7 23. Nd3 Rc2 {Kramnik,V (2802)-Kasparov,G (2838)/Moscow 2001/CBM 087/
1/2-1/2 (31)}) (9. Ne5 $5 Ke7 10. Be2 Nbd7 11. Nd3 {[%csl Re5][%cal Gd3c5]} Bd6
12. Nd2 Nc5 13. Nc4 $14) 9... Ke7 10. Be2 ({RR} 10. b3 b6 11. Bb2 Bb7 12. Nbd2
Nbd7 13. Rac1 Rac8 {1/2-1/2 Koziak,V (2460)-Mikhalchishin,A (2522)/Varazdin
2003/CBM 099}) 10... Bd7 $146 ({RR} 10... Nbd7 11. Nbd2 b6 12. Nb3 Bd6 13. Nfd4
Bb7 14. Bd2 Rhc8 15. Rac1 Nd5 16. Rxc8 Rxc8 17. Rc1 Rxc1+ 18. Bxc1 g6 19. Bd2
f5 20. a3 e5 21. Nc2 a5 22. f3 Nc7 23. Bc4 e4 24. g4 Bd5 25. Bxd5 {Grycel,K 
(2282)-Warakomski,T (2375)/Polanica Zdroj 2005/CBM 108 ext/0-1 (44)}) 11. Ne5 (
11. Bd2 Bc6 12. Ne5) 11... Bb5 12. Bf3 (12. Bxb5 axb5 13. Nd3 Bd6 14. Nc3 b4
15. Nb5) 12... Nc6 13. Nxc6+ Bxc6 14. Bxc6 bxc6 15. Nc3 Rhd8 16. Bd2 Rab8 {
[%csl Rb2]} 17. Na4 $1 Bb4 18. Bxb4+ Rxb4 19. Rxd8 Kxd8 20. b3 Kc7 21. Kf1 {
Avec une bonne finale pour l'ukrainien} Nd7 {[%cal Gc6c5,Gc5c4]} 22. Rc1 a5 23.
Ke2 e5 (23... Kd6 24. Nb2 {[%cal Gb2c4,Gc4a5,Gc4d6]}) 24. Nc5 Nxc5 25. Rxc5 a4
26. Rxe5 axb3 27. axb3 Kd7 28. Rf5 f6 29. Ra5 g5 (29... Rxb3 30. Ra7+ Kd6 31.
Rxg7) 30. Ra7+ Ke6 31. Rxh7 Rxb3 32. g4 {[%csl Re6,Rf5]} Rb2+ 33. Kf3 c5 34. h4
gxh4 35. Rxh4 c4 36. Rh5 {[%cal Gh5c5]} c3 (36... Kd6 37. Rf5 c3 38. Rxf6+ Kd5
39. Rf8) 37. Rc5 c2 38. Kg3 Kd6 39. Rc8 Ke5 40. f3 Ra2 41. Rc4 Kd5 42. Rc3 Ke5
43. Kh4 Ra3 {[%cal Gc2c1]} 44. f4+ (44. Rxc2 Rxe3) 44... Ke6 45. Rxc2 Rxe3 46.
Kh5 Rg3 $2 (46... Re4) 47. g5 Kf7 48. Rc7+ Kf8 49. Kg6 fxg5 50. f5 1-0